| 000 | 00552nam a22001817a 4500 | ||
|---|---|---|---|
| 005 | 20251108165428.0 | ||
| 008 | 250721s2002 xx 000 0 ara d | ||
| 082 | 1 | 4 | _a211.076/عطي |
| 100 | 1 | _aالعطيات، أحمد | |
| 245 | 1 | 0 | _a1000 سؤال و جواب في القرآن الكريم / |
| 264 | 1 |
_aعمان : _bمكتبة الهلال، _c2002. |
|
| 300 | _a217ص | ||
| 650 | 1 | 7 | _aالعلوم القرآنية |
| 650 | 1 | 7 | _aالقرآن الكريم |
| 650 | 1 | 7 | _aالإسئلة و الأجوبة |
| 942 |
_2ddc _cBK |
||
| 999 |
_c27711 _d27711 |
||